Top 5 Soccer League Teams - Statistics

General Stats
  • This quiz has been taken 25 times
  • The average score is 47 of 96
Answer Stats
Hint Answer % Correct
Premier League Arsenal
95%
Premier League Manchester City
90%
Premier League Manchester United
90%
Premier League Everton
86%
La Liga Barcelona
81%
Premier League Bournemouth
81%
Premier League Chelsea
81%
Premier League Liverpool
81%
La Liga Atlético Madrid
76%
Premier League Crystal Palace
76%
La Liga Real Madrid
76%
Premier League West Ham United
76%
Premier League Aston Villa
71%
La Liga Athletic Bilbao
71%
Bundesliga Bayern Munich
71%
Premier League Brighton
71%
Premier League Leeds United
71%
Premier League Newcastle United
71%
Premier League Nottingham Forest
71%
Ligue 1 PSG
71%
Premier League Sunderland
71%
Premier League Brentford
67%
Premier League Burnley
67%
Ligue 1 Marseille
67%
La Liga Sevilla
67%
Serie A AC Milan
62%
Bundesliga Dortmund
62%
Premier League Fulham
62%
Serie A Inter Milan
62%
Serie A Juventus
62%
Ligue 1 Lille
62%
Ligue 1 Lyon
62%
Ligue 1 Monaco
62%
La Liga Real Betis
62%
Serie A Roma
62%
La Liga Valencia
62%
Bundesliga Bayer Leverkusen
57%
Serie A Napoli
57%
La Liga Real Sociedad
57%
Premier League Wolverhampton
57%
La Liga Girona
52%
Bundesliga Hamburg
52%
Bundesliga Wolfsburg
52%
Bundesliga Frankfurt
48%
Bundesliga Freiburg
48%
La Liga Getafe
48%
Bundesliga Koln
48%
Serie A Lazio
48%
Ligue 1 Toulouse
48%
Bundesliga Union Berlin
48%
Serie A Como
43%
Serie A Fiorentina
43%
Bundesliga Mainz
43%
La Liga Mallorca
43%
Ligue 1 Nantes
43%
Ligue 1 Nice
43%
Serie A Torino
43%
Premier League Tottenham Hotspurs
43%
La Liga Villareal
43%
Bundesliga Werder Bremen
43%
Serie A Bologna
38%
La Liga Espanyol
38%
Serie A Hellas Verona
38%
Bundesliga Hoffenheim
38%
Bundesliga Monchengladbach
38%
Ligue 1 Paris
38%
Bundesliga RB Leipzig
38%
Ligue 1 RC Lens
38%
Ligue 1 Strasbourg
38%
Serie A Atalanta
33%
La Liga Celta Vigo
33%
Serie A Genoa
33%
Serie A Lecce
33%
Bundesliga Stuttgart
33%
La Liga Alavés
29%
Serie A Cagliari
29%
Serie A Cremonese
29%
Bundesliga Heidenheim
29%
Serie A Parma
29%
Serie A Pisa
29%
La Liga Rayo Vallecano
29%
Serie A Sassuolo
29%
Serie A Udinese
29%
La Liga Levante
24%
La Liga Real Oviedo
24%
Ligue 1 Auxerre
19%
La Liga Elche
19%
Bundesliga Augsburg
14%
Ligue 1 Lorient
14%
Ligue 1 Metz
14%
La Liga Osasuna
14%
Ligue 1 Stade Brestois
14%
Bundesliga St. Pauli
14%
Ligue 1 Angers
10%
Ligue 1 Havre
5%
Ligue 1 Rennais
5%
No matching quizzes found
Score Distribution
Percent of People with Each Score
Percentile by Number Answered
Your Score History
You have not taken this quiz